The viceroy Kudin : who was he? How did he became so famous?

Bibliographic Details
Main Author: Rethual, Gilbert
Format: Book
Published: Kuala Lumpur : Dr. Gilbert Rethual , 2007
Subjects:

MARC

LEADER 00000cam a2200000 7i4500
001 0000116772
005 20091007.0
020 |a 983407719X 
090 0 0 |a 899.2333   |b RET 
100 1 |a Rethual, Gilbert   |f Dr 
245 1 4 |a The viceroy Kudin :   |b who was he? How did he became so famous?   |c Dr. Gilbert Rethual 
260 |a Kuala Lumpur :   |b Dr. Gilbert Rethual ,   |c 2007 
300 |a 152p. ;   |c 22cm. 
600 0 0 |a Kudin ,   |c Tunku   |x Fiction 
650 0 0 |a Historical fiction, English   |z Malaysia   |z Selangor 
651 0 |a Kedah   |x Kings and rulers 
651 0 |a Kuala Lumpur (Malaysia)   |x History   |x Fiction 
651 0 |a Perak   |x History   |x Fiction 
999 |a 00213144   |b BUKU   |c PINJAMAN   |e PERPUSTAKAAN KOMUNITI PETALING JAYA